Datum a čas kvízu
16.5
Celkem bodů
Celkový počet nahraných bodů na tomto kvízu bez doplňovacích otázek.
13.
Pořadí na kvízu
Konečné umístění týmu na tomto kvízu.
Zaznamenané odpovědi
| # | Otázka | Odpověď | Body | Výsledky |
|---|---|---|---|---|
| 1. | Minulý týden překročila hranic... | Dan Přibáň, Mongolsko | 0 | |
| 2. | Překvapení minulý týden neskrý... | policie | 0 | |
| 3. | Ve zprávách se minulý týden ob... | Čečensko | 0 | |
| 4. | Minulý týden oznámila italská... | Silvio Berlusconi | 0 | |
| 5. | Ze soboty na neděli se v Las V... | (UFC) 300 | 0 | |
| 6. | V pěti otázkách tohoto tématu... | kámen | 0 | |
| 7. | Jaká je denní dávka kuchyňské... | B | 1 | |
| 8. | Po kterém vzácném minerálu se... | po diamantu | 0 | |
| 9. | Nejen lidé, ale i zvířata potř... | liz | 1 | |
| 10. | Chcete-li si užít blahodárného... | D) Bad Ischl | 1 |